000 00569nam a2200181 i 4500
001 102813
003 ES-MaACL
005 20230906183205.0
007 t|
008 051209s1884 sp e ||||1| spa d
080 _a669.1(035)
100 1 _aRodríguez Alonso, Joaquín.
_998331
245 1 0 _aTratado de siderurgia /
_cde D. Joaquín Rodríguez Alonso.
260 _a[Madrid :
_bs.n.],
_c1884 (
_fImp. de la Viuda e Hijos de Abienzo)
300 _a413 p. :
_bil. ;
_c38 cm.
650 1 4 _aIndustria siderúrgica.
_9167108
852 _aES-MaACL
_jGF-92
_xOlim: B-8023
999 _c102813
_d102813